Proč se říká... ? : ječí jako siréna, je to sisyfovská práce, chová se barbar... a další známá úsloví /
Další z řady knih vysvětlujících různá rčení, úsloví a přirovnání. Tentokrát je zaměřena na jména, která pocházejí nejen z antické mytologie.
Uloženo v:
| Hlavní autor: | |
|---|---|
| Další autoři: | |
| Médium: | E-kniha |
| Jazyk: | Czech |
| Vydáno: |
Praha :
Fragment,
[2018]
|
| Vydání: | 1. vydání |
| Témata: | |
| Tagy: |
Žádné tagy |
| LEADER | 03667nam a2200757 i 4500 | ||
|---|---|---|---|
| 001 | 310973 | ||
| 003 | CZ PrSKC | ||
| 005 | 20260601215657.0 | ||
| 007 | ta | ||
| 008 | 181115t20182018xr a c 000 j cze | ||
| 015 | |a cnb003056690 | ||
| 020 | |a 9788025339275 |q (vázáno) : |c Kč 199,00 | ||
| 035 | |a (OCoLC)1085379395 | ||
| 040 | |a BOA001 |b cze |d ABA001 |e rda | ||
| 072 | 7 | |a 81 |x Lingvistika. Jazyky |2 Konspekt | |
| 072 | 7 | |a 821-93 |x Literatura pro děti a mládež (beletrie) |2 Konspekt | |
| 080 | |a 81'373.7 |2 MRF | ||
| 080 | |a 398.9 |2 MRF | ||
| 080 | |a 27-236.5 |2 MRF | ||
| 080 | |a 255.2 |2 MRF | ||
| 080 | |a 255.6 |2 MRF | ||
| 080 | |a 2-264-051 |2 MRF | ||
| 080 | |a (0:82-84) |2 MRF | ||
| 080 | |a (0:82-32) |2 MRF | ||
| 080 | |a (0.062) |2 MRF | ||
| 080 | |a (0.053.2) |2 MRF | ||
| 100 | 1 | |a Kostka, Petr, |d 1958- |7 osa2017962931 |4 aut | |
| 245 | 1 | 0 | |a Proč se říká... ? : |b ječí jako siréna, je to sisyfovská práce, chová se barbar... a další známá úsloví / |c Petr Kostka ; ilustroval Josef Pospíchal |
| 246 | 1 | |i Název v tiráži: |a Proč se říká... ? ječí jako siréna, je to sisyfovská práce, chová se barbar... a další známá úsloví | |
| 250 | |a 1. vydání | ||
| 264 | 1 | |a Praha : |b Fragment, |c [2018] | |
| 264 | 4 | |c ©2018 | |
| 300 | |a 62 stran : |b barevné ilustrace ; |c 24 cm | ||
| 336 | |a text |b txt |2 rdacontent | ||
| 336 | |a statický obraz |b sti |2 rdacontent | ||
| 337 | |a bez média |b n |2 rdamedia | ||
| 338 | |a svazek |b nc |2 rdacarrier | ||
| 520 | 2 | |a Další z řady knih vysvětlujících různá rčení, úsloví a přirovnání. Tentokrát je zaměřena na jména, která pocházejí nejen z antické mytologie. |b Možná vás už někdo počastoval slovy: "neječ jako Siréna". Odkud se ale toto přirovnání vzalo? Srozumitelnou odpověď najdete v této knize. Vybrali jsme známá úsloví, ve kterých jsou používána jména postav, která časem zobecněla, a stala se běžně používaným výrazem pro činnost či vlastnost, kterou se hrdinové z antických bájí či Bible proslavili. Seznamte se s nimi a až uslyšíte někoho říkat, "byla to sisyfovská práce", budete vědět, co tím myslí... Nakladatelská anotace. | |
| 521 | 8 | |a Pro čtenáře od 9 let | |
| 650 | 0 | 7 | |a frazeologie |7 ph120388 |2 czenas |
| 650 | 0 | 7 | |a přísloví a rčení |7 ph124944 |2 czenas |
| 650 | 0 | 7 | |a biblické postavy |7 ph118857 |2 czenas |
| 650 | 0 | 7 | |a mytologické postavy |7 ph123082 |2 czenas |
| 650 | 0 | 7 | |a římská mytologie |7 ph128312 |2 czenas |
| 650 | 0 | 7 | |a řecká mytologie |7 ph128258 |2 czenas |
| 650 | 0 | 9 | |a phraseology |2 eczenas |
| 650 | 0 | 9 | |a proverbs |2 eczenas |
| 650 | 0 | 9 | |a Bible persons |2 eczenas |
| 650 | 0 | 9 | |a mythological characters |2 eczenas |
| 650 | 0 | 9 | |a Roman mythology |2 eczenas |
| 650 | 0 | 9 | |a Greek mythology |2 eczenas |
| 655 | 7 | |a příběhy |7 fd133204 |2 czenas | |
| 655 | 7 | |a přísloví |7 fd133215 |2 czenas | |
| 655 | 7 | |a populárně-naučné publikace |7 fd131864 |2 czenas | |
| 655 | 7 | |a publikace pro děti |7 fd133156 |2 czenas | |
| 655 | 9 | |a stories |2 eczenas | |
| 655 | 9 | |a proverbs |2 eczenas | |
| 655 | 9 | |a popular works |2 eczenas | |
| 655 | 9 | |a children's literature |2 eczenas | |
| 700 | 1 | |a Pospíchal, Josef, |d 1963- |7 mzk2005294839 |4 ill | |
| 900 | |a ABA001 |b 19 | ||
| 928 | 9 | |a Albatros Media - Fragment | |
| 044 | |a xr | ||
| 910 | |a RBIT002 | ||
| 998 | |d 180103 |a https://core.palmknihy.cz/api/books/180103/cover?pilasx |b https://core.palmknihy.cz/api/books/180103/cover/400?pilasx |c https://core.palmknihy.cz/api/books/180103/cover/50?pilasx |e 2039-12-31 |g 64 |i 9788025339275 |k https://core.palmknihy.cz/api/books/180103/preview.pdf |l |q 49 |r 1 |s https://www.palmknihy.cz/kniha/180103 |t ebook |y 2018 |z 0 | ||
| 999 | |d 310971 | ||